00833cam a2200241 a 450000100100000000500170001000800410002702000150006804000290008308200190011210000460013124500550017726000480023230000220028058600420030265000280034465000320037291000340040491000070043804900090044595201220045499900150057600000842920200929161336.0981015s1998 ck 000 f spa d a9588052041 aDO-SdBNPbspacLCdBNPHU aC863.44bR741c1 aRojas Herazo, Héctor,d1921-200292270910aCelia se pudre :bnovela /cHéctor Rojas Herazo. a[Bogotá] :bMinisterio de Cultura,c1998. a1002 p. ;c21 cm. aHomenaje nacional de literatura, 1998 4aNovela colombiana91243 4aLiteratura colombiana91244 aCatalogación por copia / LC aWM aBNGR 001052708MOaGRbGRcHDd2009-09-16iLF1l0oC863.44 R741cp8429-10r2020-06-25w2020-06-25y2ZPréstamo interno c8200d8200